Top 100 NCAA Football Players 2017-18 - Statistics

General Stats
  • This quiz has been taken 112 times
  • The average score is 19 of 100
Answer Stats
# Player College Position % Correct
1 Baker Mayfield Oklahoma QB
93%
5 Sam Darnold USC QB
74%
6 Saquon Barkley Penn State RB
74%
10 Lamar Jackson Louisville QB
72%
31 Justin Jackson Northwestern RB
70%
4 Derwin James Florida State S
53%
3 Minkah Fitzpatrick Alabama DB
50%
26 Jalen Hurts Alabama QB
49%
34 Nick Chubb Georgia RB
42%
14 Bradley Chubb North Carolina State DE
41%
8 Connor Williams Texas LT
41%
83 Josh Allen Wyoming QB
41%
16 Mason Rudolph Oklahoma State QB
41%
19 Orlando Brown Oklahoma LT
41%
42 Jonah Williams Alabama LT
40%
78 Josh Rosen UCLA QB
40%
85 Braden Smith Auburn T
39%
71 Cameron Smith USC ILB
38%
35 Nick Bosa Ohio State DE
38%
61 Marcus Allen Penn State S
37%
2 Ed Oliver Houston DT
34%
12 Derrius Guice LSU RB
33%
68 Ja'Von Rolland-Jones Arkansas State DE
32%
89 Justin Jones North Carolina State DT
32%
41 Jake Browning Washington QB
29%
21 James Washington Oklahoma State WR
28%
37 J.T. Barrett Ohio State QB
28%
39 Trace McSorley Penn State QB
28%
13 Rashan Gary Michigan DE
25%
18 Christian Wilkins Clemson DT
24%
45 Jerome Baker Ohio State OLB
23%
17 Quenton Nelson Notre Dame LG
23%
22 Christian Kirk Texas A&M WR/PR
21%
9 Dexter Lawrence Clemson DT
21%
49 Luke Falk Washington State QB
21%
79 Calvin Ridley Alabama WR
20%
77 Denzel Ward Ohio State CB
20%
47 Anthony Miller Memphis WR
18%
69 Deondre Francois Florida State QB
17%
7 Harold Landry Boston College DE
17%
74 Jarrett Stidham Auburn QB
17%
94 Mike White Western Kentucky QB
16%
43 Quinton Flowers South Florida QB
16%
62 Royce Freeman Oregon RB
16%
98 Nick Fitzgerald Mississippi State QB
15%
27 Billy Price Ohio State C
14%
24 Bo Scarbrough Alabama RB
14%
11 Frank Ragnow Arkansas C
13%
28 Josey Jewell Iowa ILB
13%
23 Sam Hubbard Ohio State DE
13%
80 Vita Vea Washington DT
13%
20 Arden Key LSU LB
12%
29 Jaire Alexander Louisville CB
12%
63 Courtland Sutton SMU WR
11%
93 Daniel Carlson Auburn K
11%
44 Malik Jefferson Texas OLB
11%
88 Mike McGlinchey Notre Dame LT
11%
51 Will Hernandez UTEP LG
11%
46 Maurice Hurst Michigan DT
10%
95 Skai Moore South Carolina ILB
10%
65 Trenton Thompson Georgia DT
10%
32 Kamryn Pettway Auburn RB
9%
73 Mike Gesicki Penn State TE
9%
56 Myles Gaskin Washington RB
9%
36 Dante Pettis Washington WR/PR
8%
72 Ronnie Harrison Alabama FS
8%
33 Tremaine Edmunds Virginia Tech OLB
8%
52 Troy Fumagalli Wisconsin TE
8%
59 Clelin Ferrell Clemson DE
7%
97 Michael Gallup Colorado State WR
5%
92 Quadree Henderson Pittsburgh WR/KR
5%
90 Ralph Webb Vanderbuilt RB
5%
64 Dorance Armstrong, Jr. Kansas DE
4%
91 Iman Marshall USC CB
4%
54 Logan Woodside Toledo QB
4%
57 Quin Blanding Virginia S
4%
25 Tavarus McFadden Florida State CB
4%
55 Tyquan Lewis Ohio State DE
4%
15 Cody O'Connell Washington State LG
3%
66 Dalton Risner Kansas State RT
3%
76 Da'Shawn Hand Alabama DE
3%
87 Duke Dawson Florida CB
3%
60 Ogbonnia Okoronkwo Oklahoma DE
3%
40 Azeem Victor Washington ILB
2%
30 Cole Madison Washington State RT
2%
50 Derrick Nnadi Florida State DT
2%
84 Godwin Igwebuike Northwestern S
2%
100 Heath Harding Miami (Ohio) CB
2%
38 Josh Sweat Florida State DE
2%
96 Mark Walton Miami RB
2%
99 Marquis Haynes Ole Miss DE
2%
67 Micah Kiser Virginia ILB
2%
53 Richie James Middle Tennessee WR
2%
58 Sean Welsh Iowa RG
2%
86 Taylor Rapp Washington S
2%
48 Tegray Scales Indiana ILB
2%
75 Ahmmon Richards Miami WR
1%
82 Andre Dillard Washington State LT
1%
81 Mitch Wishnowsky Utah P
1%
70 Steven Richardson Minnesota USC
1%
No matching quizzes found
Score Distribution
Percent of People with Each Score
Percentile by Number Answered
Your Score History
You have not taken this quiz